| 000 | 00484nam a22001817a 4500 | ||
|---|---|---|---|
| 003 | OSt | ||
| 005 | 20140310181953.0 | ||
| 008 | 130726t xxu||||| |||| 00| 0 eng d | ||
| 050 |
_aPZ 7 _b.V531 1977 |
||
| 082 |
_aKF Il6vj _b1983 |
||
| 245 |
_aAround the world in eighty days _cJules Verne. |
||
| 260 |
_aNew York : _bWaldman Publishing Corp, _cc1977. |
||
| 300 |
_a238 p. : _bill. ; _c14 cm. |
||
| 521 | _aFaculty. | ||
| 541 | _j2 | ||
| 562 | _e1 | ||
| 942 |
_2lcc _cBK-KF _kKF |
||
| 999 |
_c7889 _d7889 |
||